Textbook of basic nursing (Record no. 35342)

MARC details
000 -LEADER
fixed length control field 00503nam a2200193Ia 4500
020 ## - INTERNATIONAL STANDARD BOOK NUMBER
ISBN 9780397547722
050 ## - CALL MARK
Classification number RT 62 .R67/
100 ## - STATEMENT OF RESPONSIBILITY--MAIN AUTHOR NAME
Personal name Rosdahl, Caroline Bunker
245 #0 - TITLE STATEMENT
Title Textbook of basic nursing
250 ## - EDITION / VOLUME STATEMENT
Edition / Volume statement 5th ed.
260 ## - PUBLICATION, DISTRIBUTION, ETC. (IMPRINT)
Place of publication America
260 ## - PUBLICATION, DISTRIBUTION, ETC. (IMPRINT)
Name of publisher J.B. Lippincott
260 ## - PUBLICATION, DISTRIBUTION, ETC. (IMPRINT)
Year of publication 2017
300 ## - PHYSICAL DESCRIPTION
Number of Pages 1144 p
650 ## - SUBJECT ADDED ENTRY--TOPICAL TERM
Topical Term Nursing--Practice. Community health nursing. Nursing care plans.
942 ## - ADDED ENTRY ELEMENTS (KOHA)
Koha item type Books
Holdings
Withdrawn status Lost status Source of classification or shelving scheme Damaged status Not for loan Permanent Location Current Location Date acquired Accession Number Price effective from Koha item type
    Library of Congress Classification     NILE UNIVERSITY OF NIGERIA - MAIN LIBRARY NILE UNIVERSITY OF NIGERIA - MAIN LIBRARY 04/23/2025 0187929 04/23/2025 Books